OUTPUT FEEDBACK STABILIZATION AND REGULATION FOR A CLASS OF UNDER-ACTUATED NON-MINIMUM PHASE BENCHMARK NONLINEAR SYSTEMS / (Record no. 527859)

000 -LEADER
fixed length control field 00631nam a22001697a 4500
082 ## - DEWEY DECIMAL CLASSIFICATION NUMBER
Classification number 200
100 ## - MAIN ENTRY--PERSONAL NAME
Personal name Khalid, Nasir
245 ## - TITLE STATEMENT
Title OUTPUT FEEDBACK STABILIZATION AND REGULATION FOR A CLASS OF UNDER-ACTUATED NON-MINIMUM PHASE BENCHMARK NONLINEAR SYSTEMS /
Statement of responsibility, etc. NASIR KHALID.
260 ## - PUBLICATION, DISTRIBUTION, ETC.
Place of publication, distribution, etc. Karachi :
Name of publisher, distributor, etc. PNEC - NUST,
Date of publication, distribution, etc. 2017.
300 ## - PHYSICAL DESCRIPTION
Extent 120 p.: ill.;
Dimensions 30cm.
650 ## - SUBJECT ADDED ENTRY--TOPICAL TERM
Topical term or geographic name entry element PhD-Electrical Engineering
700 ## - ADDED ENTRY--PERSONAL NAME
Personal name Supervisor:Dr. Attaullah Memon
856 ## - Uniform Resource Identifier
Uniform Resource Identifier <a href=" http://10.250.8.41:8080/xmlui/handle/123456789/22666"> http://10.250.8.41:8080/xmlui/handle/123456789/22666</a>
942 ## - ADDED ENTRY ELEMENTS (KOHA)
Source of classification or shelving scheme
Koha item type Soft Copy
650 ## - SUBJECT ADDED ENTRY--TOPICAL TERM
-- 84162
700 ## - ADDED ENTRY--PERSONAL NAME
-- 124417
Holdings
Withdrawn status Lost status Source of classification or shelving scheme Damaged status Not for loan Permanent Location Current Location Shelving location Date acquired Full call number Barcode Date last seen Price effective from Koha item type
          Central Library (CL) Central Library (CL) Thesis 08/19/2019 200 CLPT-238 08/19/2019 08/19/2019 Soft Copy
          Central Library (CL) Central Library (CL) Thesis 11/20/2019 200 CLPT-240 11/20/2019 11/20/2019 Soft Copy
© 2023 Central Library, National University of Sciences and Technology. All Rights Reserved.